| 000 | 00637nam a2200229 i 4500 | ||
|---|---|---|---|
| 001 | C2-0253494 | ||
| 003 | PPAK | ||
| 005 | 20180727220752.0 | ||
| 008 | 040323s1984 caua|||| ||||| | eng d | ||
| 020 | _a0895351374 | ||
| 040 |
_aPPAK _beng _cPPAK _erda |
||
| 082 | 0 | 4 |
_a643.3 _223 |
| 090 | 0 | 0 |
_a643.3 _bKIT _dR |
| 245 | 0 | 0 |
_aKitchens : _bcreative ideas for your home |
| 264 | 1 |
_aCalifornia : _bThe Knapp Press , _c1984 |
|
| 300 |
_a187 pages : _bcolour illustrations ; _c28 cm |
||
| 336 |
_2rdacontent _atext |
||
| 337 |
_2rdamedia _aunmediated |
||
| 338 |
_2rdacarrier _avolume |
||
| 650 | 1 | 0 | _aKitchens - remodeling |
| 942 |
_ddc _cB |
||
| 999 |
_c66338 _d66338 |
||